Health matters : 8 steps that can save your life--and your family’s health
Health Matters is an extremely accessible resource for being proactive in our healthcare. It's a must for anyone who wants to feel empowered, not intimidated, when dealing with his or her health."
Αποθηκεύτηκε σε:
| Κύριος συγγραφέας: | |
|---|---|
| Μορφή: | Βιβλίο |
| Γλώσσα: | Undetermined |
| Έκδοση: |
Hoboken, N.J.
John Wiley & Sons
2007
|
| Θέματα: | |
| Ετικέτες: |
Προσθήκη ετικέτας
Δεν υπάρχουν, Καταχωρήστε ετικέτα πρώτοι!
|
| Thư viện lưu trữ: | Trung tâm Học liệu Trường Đại học Cần Thơ |
|---|
| LEADER | 00752nam a2200205Ia 4500 | ||
|---|---|---|---|
| 001 | CTU_164622 | ||
| 008 | 210402s9999 xx 000 0 und d | ||
| 082 | |a 613 | ||
| 082 | |b G761 | ||
| 100 | |a Grant, Taylor | ||
| 245 | 0 | |a Health matters : | |
| 245 | 0 | |b 8 steps that can save your life--and your family’s health | |
| 245 | 0 | |c Taylor Grant | |
| 260 | |a Hoboken, N.J. | ||
| 260 | |b John Wiley & Sons | ||
| 260 | |c 2007 | ||
| 520 | |a Health Matters is an extremely accessible resource for being proactive in our healthcare. It's a must for anyone who wants to feel empowered, not intimidated, when dealing with his or her health." | ||
| 650 | |a Sức khoẻ,Health | ||
| 904 | |i Qhieu | ||
| 980 | |a Trung tâm Học liệu Trường Đại học Cần Thơ | ||